01048 2200469 4500001002100000005001500021035002000036008004100056245007100097100002100168250000600189260003500195300001200230084001400242082000800256650001400264990001200278990001200290990001200302990001200314990001200326990001200338990001200350990001200362990001200374990001200386990001200398990001200410990001200422990001200434990001200446990001200458990001200470990001200482990001200494990001200506990001200518990001200530990001200542990001200554990001200566INLIS00000000000013420240502110209 a0010-0424000110240502 0 ind 1 aBuku Siswa Ekonomi 3 Peminatan ( Edisi Revisi ) /cAnik Widiastuti aWidiastuti, Anik a1 aKlaten :bCempaka Putih,c2016 a278 hlm a330 ANI e a330 4aNon Fiksi a0736665 a0736666 a0736667 a0736668 a0736669 a0736670 a0736671 a0736672 a0736673 a0736674 a0736675 a0736676 a0736677 a0736678 a0736679 a0736680 a0736681 a0736682 a0736683 a0736684 a0736685 a0736686 a0736687 a0736688 a0736689